000 00296nam a22001337a 4500
008 170608b xxu||||| |||| 00| 0 eng d
020 _a9780070130661
041 _aeng
080 _27TH
_a94
100 _a18
101 _aSHH
245 _aTHE WESTERN EXPERIENCE
_cCHAMBERS,M
942 _2udc
_cBK
999 _c16398
_d16398